00589pam a2200181 a 4500001000800000005001700008008004100025010001700066020001500083040001800098041000800116080001600124082002000140100000700160101000800167245020200175504003000377382440720180206075135.0860827s1986 miua b 000 0 eng  a 86020120  a087944309X aDLCcDLCdDLC aeng a302.35 arn00a302.35 arn219 a48 asoc00aAuthority and reward in organizations :ccodirected by Arnold S. Tannenbaum and Tamás Rozgonyi ; coordinated by the European Coordination Centre for Research and Documentation in Social Sciences. aBibliography: p. 273-278.